| 000 | 00370nam a22001217a 4500 | ||
|---|---|---|---|
| 082 | _a200 THE | ||
| 100 |
_aAMINAH HINA _972570 |
||
| 245 | _aTH-SOF-0923-MEASUREMENT OF 2 AXIS PLATFORM TILT AND ITS SOFT COMPENSATION | ||
| 260 |
_aNUST COLLEGE OF EME _bISLAMABAD _c2001 |
||
| 650 |
_aMS-ELECT-63 MSTHESIS _970424 |
||
| 700 |
_aDR MOHAMMAD BIALAL MALIK _972571 |
||
| 942 | _cCF | ||
| 999 |
_c578567 _d578567 |
||